[Event "Oregon-ch"]
[Site "Portland"]
[Date "2020.02.16"]
[Round "7"]
[White "Richardson, Ryan"]
[Black "Haessler, Carl A"]
[Result "0-1"]
[WhiteElo "2023"]
[BlackElo "2016"]
[PlyCount "52"]
[EventDate "2020.02.08"]
[EventType "tourn"]
[EventRounds "9"]
[EventCountry "USA"]
[SourceTitle "CBM 195 Extra"]
[Source "ChessBase"]
[SourceDate "2020.05.31"]
[SourceVersion "1"]
[SourceVersionDate "2020.05.31"]
[SourceQuality "1"]

1. e4 e5 2. Nf3 d6 3. d4 exd4 4. Nxd4 g6 5. Nc3 Bg7 6. Be3 Nf6 7. Be2 0-0 8. g4 Re8 9. f3 d5 10. g5 Nxe4 11. fxe4 c5 12. Nb3 d4 13. Nxc5 dxc3 14. Qxd8 Rxd8 15. b3 Nc6 16. 0-0 Nd4 17. Bd3 b6 18. Na4 Ne6 19. Rf3 Bd7 20. Raf1 Be8 21. Bc4 Rac8 22. Bd5 Nd4 23. Bxf7+ Bxf7 24. Rxf7 Nxc2 25. Bc1 b5 26. Rxa7 Bd4+ 0-1

[Event "Oregon-ch"]
[Site "Portland"]
[Date "2020.02.08"]
[Round "2"]
[White "Richardson, Ryan"]
[Black "Raptis, Nick"]
[Result "0-1"]
[WhiteElo "2023"]
[BlackElo "2204"]
[PlyCount "102"]
[EventDate "2020.02.08"]
[EventType "tourn"]
[EventRounds "9"]
[EventCountry "USA"]
[SourceTitle "CBM 195 Extra"]
[Source "ChessBase"]
[SourceDate "2020.05.31"]
[SourceVersion "1"]
[SourceVersionDate "2020.05.31"]
[SourceQuality "1"]

1. e4 e6 2. d4 d5 3. Nc3 Nf6 4. e5 Nfd7 5. f4 c5 6. Nf3 a6 7. Be3 Qb6 8. Rb1 Nc6 9. Qd2 Qa7 10. Ne2 b5 11. c3 b4 12. g4 Rb8 13. Rc1 bxc3 14. bxc3 h5 15. gxh5 Rxh5 16. Kf2 g6 17. h4 Rh8 18. Ng3 a5 19. h5 gxh5 20. Rxh5 Rxh5 21. Nxh5 Ba6 22. Bxa6 Qxa6 23. dxc5 Qc4 24. Nd4 Bxc5 25. Rc2 Rb1 26. Qe2 Bxd4 27. cxd4 Qxe2+ 28. Kxe2 Ne7 29. Bd2 Nf5 30. Rc8+ Ke7 31. Bxa5 Nxd4+ 32. Kd2 Nb6 33. Bxb6 Rxb6 34. Rc7+ Ke8 35. Nf6+ Kd8 36. Rxf7 Ra6 37. Rf8+ Ke7 38. Rc8 Rxa2+ 39. Ke1 Kf7 40. Rg8 Nf3+ 41. Kd1 d4 42. Rg3 Rd2+ 43. Kc1 Rf2 44. Ne4 Rf1+ 45. Kc2 Nh4 46. Nd6+ Kf8 47. Rg4 Nf3 48. Kd3 Re1 49. Nc4 Rc1 50. Ke2 Nh2 51. Kd3 Rc3+ 0-1

[Event "Oregon inv"]
[Site "Portland"]
[Date "2018.09.22"]
[Round "6"]
[White "Richardson, Ryan"]
[Black "Wu, Ethan"]
[Result "1-0"]
[WhiteElo "2080"]
[BlackElo "1951"]
[PlyCount "75"]
[EventDate "2018.09.14"]
[EventType "tourn"]
[EventRounds "9"]
[EventCountry "USA"]
[SourceTitle "EXT 2024"]
[Source "ChessBase"]
[SourceDate "2023.10.10"]
[SourceVersion "1"]
[SourceVersionDate "2023.10.10"]
[SourceQuality "1"]

1. e4 e6 2. d3 d5 3. Nd2 c5 4. g3 Nf6 5. Ngf3 Nc6 6. Bg2 g6 7. 0-0 Bg7 8. Re1 0-0 9. c3 d4 10. Nb3 Nd7 11. cxd4 cxd4 12. Bg5 f6 13. Bd2 e5 14. Nh4 Qe7 15. Re2 Nc5 16. Nxc5 Qxc5 17. Qb3+ Kh8 18. Rc1 Qb6 19. Qxb6 axb6 20. a3 Be6 21. f4 Rac8 22. f5 Bf7 23. fxg6 hxg6 24. Bh3 Rcd8 25. b4 g5 26. Nf5 Bh5 27. Rf2 g4 28. Bf1 Rd7 29. Be2 Rg8 30. Nxg7 Kxg7 31. Rcf1 Rd6 32. h3 Kf7 33. Bd1 Rg7 34. b5 Nb8 35. Bb4 Re6 36. Bb3 Nd7 37. h4 Bg6 38. Rc1 1-0

[Event "Oregon inv"]
[Site "Portland"]
[Date "2018.09.16"]
[Round "5"]
[White "Sherrard, Jerry"]
[Black "Richardson, Ryan"]
[Result "0-1"]
[WhiteElo "2042"]
[BlackElo "2080"]
[PlyCount "84"]
[EventDate "2018.09.14"]
[EventType "tourn"]
[EventRounds "9"]
[EventCountry "USA"]
[SourceTitle "EXT 2024"]
[Source "ChessBase"]
[SourceDate "2023.10.10"]
[SourceVersion "1"]
[SourceVersionDate "2023.10.10"]
[SourceQuality "1"]

1. e4 c5 2. Nf3 d6 3. d4 cxd4 4. Nxd4 Nf6 5. Nc3 a6 6. h3 e6 7. g4 h6 8. Bg2 Be7 9. Be3 g5 10. Nde2 Nbd7 11. Qd2 Nc5 12. b3 Nfd7 13. Ng3 b5 14. a4 b4 15. Nce2 a5 16. 0-0 Ba6 17. Rfd1 Rc8 18. Rac1 Ne5 19. Nd4 Qb6 20. Bf1 Bb7 21. Bb5+ Kf8 22. Qe2 Kg7 23. Nf3 Rhd8 24. Bd4 Qc7 25. Qe3 Kf8 26. Be2 Ng6 27. Nh5 Bxe4 28. Bxc5 Bxf3 29. Bb6 Qxb6 30. Qxb6 Bxe2 31. Rd2 Bf3 32. Qxa5 d5 33. c3 d4 34. Ng3 bxc3 35. Rd3 Ba8 36. Ne2 e5 37. f3 f6 38. Qa6 Bd5 39. Qb5 Rb8 40. Qa5 Ra8 41. Qb6 Rdb8 42. Qc7 Rb7 0-1

[Event "Oregon inv"]
[Site "Portland"]
[Date "2018.09.15"]
[Round "3"]
[White "Deeth, Steven B"]
[Black "Richardson, Ryan"]
[Result "1/2-1/2"]
[WhiteElo "2019"]
[BlackElo "2080"]
[PlyCount "42"]
[EventDate "2018.09.14"]
[EventType "tourn"]
[EventRounds "9"]
[EventCountry "USA"]
[SourceTitle "EXT 2024"]
[Source "ChessBase"]
[SourceDate "2023.10.10"]
[SourceVersion "1"]
[SourceVersionDate "2023.10.10"]
[SourceQuality "1"]

1. d4 Nf6 2. c4 g6 3. Nc3 Bg7 4. e4 d6 5. f3 a6 6. Be3 c6 7. Bd3 b5 8. e5 dxe5 9. dxe5 Nfd7 10. f4 Nb6 11. cxb5 axb5 12. Bxb5 Qxd1+ 13. Rxd1 cxb5 14. Bxb6 Nd7 15. Nxb5 0-0 16. Bd4 Bb7 17. Kf2 Rxa2 18. Nf3 Rb8 19. Na3 Nf8 20. g3 Ne6 21. Bc3 Nc5 1/2-1/2

[Event "Oregon-ch"]
[Site "Portland"]
[Date "2017.02.20"]
[Round "9"]
[White "Richardson, Ryan"]
[Black "Cigan, Jason"]
[Result "0-1"]
[WhiteElo "2062"]
[BlackElo "2100"]
[PlyCount "114"]
[EventDate "2017.02.11"]
[EventType "tourn"]
[EventRounds "9"]
[EventCountry "USA"]
[SourceTitle "EXT 2024"]
[Source "ChessBase"]
[SourceDate "2023.10.10"]
[SourceVersion "1"]
[SourceVersionDate "2023.10.10"]
[SourceQuality "1"]

1. e4 c5 2. Nf3 d6 3. d4 cxd4 4. Nxd4 Nf6 5. Nc3 a6 6. f3 e6 7. Be3 b5 8. Bd3 Bb7 9. Qd2 Nbd7 10. a3 Rc8 11. 0-0-0 Qa5 12. Kb1 Rxc3 13. Nb3 Qc7 14. Qxc3 Qxc3 15. bxc3 d5 16. exd5 Nxd5 17. Bd2 Bxa3 18. Na5 Ba8 19. c4 bxc4 20. Nxc4 Be7 21. Rhe1 0-0 22. c3 Nc5 23. Kc2 Bc6 24. Nb2 Rb8 25. Bc4 Nb6 26. Bf4 Rb7 27. Ba2 Nba4 28. Nc4 Bd5 29. Rb1 Rb5 30. Bd2 Bf6 31. Rb4 Bxc3 32. Rxb5 axb5 33. Bxc3 bxc4 34. Rb1 Nb3 35. Bxb3 cxb3+ 36. Kd3 Nxc3 37. Kxc3 g5 38. Kd4 Kg7 39. Ke3 e5 40. g3 Kf6 41. Ra1 h5 42. Ra4 Ke7 43. f4 exf4+ 44. gxf4 g4 45. Kd4 Bf3 46. Rb4 Bd1 47. Ke3 Bc2 48. Rb5 f5 49. Kd2 Kd6 50. Kc3 h4 51. Re5 Be4 52. Re8 g3 53. hxg3 hxg3 54. Rg8 g2 55. Rg6+ Kd5 56. Kxb3 Bf3 57. Kc3 Bg4 0-1

[Event "Oregon-ch"]
[Site "Portland"]
[Date "2017.02.19"]
[Round "7"]
[White "Richardson, Ryan"]
[Black "Russell, Corey J"]
[Result "1/2-1/2"]
[WhiteElo "2062"]
[BlackElo "2092"]
[PlyCount "82"]
[EventDate "2017.02.11"]
[EventType "tourn"]
[EventRounds "9"]
[EventCountry "USA"]
[SourceTitle "EXT 2024"]
[Source "ChessBase"]
[SourceDate "2023.10.10"]
[SourceVersion "1"]
[SourceVersionDate "2023.10.10"]
[SourceQuality "1"]

1. e4 c5 2. Nf3 e6 3. d3 Nc6 4. g3 d6 5. Bg2 g6 6. 0-0 Bg7 7. c3 Nge7 8. Re1 0-0 9. Nbd2 e5 10. a4 h6 11. Nc4 Be6 12. Nh4 d5 13. Ne3 Qd7 14. Qe2 Rad8 15. Rd1 d4 16. Nc4 dxc3 17. Be3 Nd4 18. Bxd4 exd4 19. b3 Nc6 20. f4 Bxc4 21. bxc4 Nb4 22. Nf3 Rfe8 23. Ne1 Rb8 24. Rdb1 b6 25. Nc2 Bf8 26. Nxb4 cxb4 27. Bf3 a6 28. Qg2 b5 29. cxb5 Rec8 30. Bd1 axb5 31. a5 Ra8 32. Bb3 c2 33. Bxc2 Rc3 34. Bb3 Ra6 35. Qe2 Qc7 36. Rb2 Rc1+ 37. Rxc1 Qxc1+ 38. Kg2 Rxa5 39. Qc2 Ra1 40. Qxc1 Rxc1 41. Kf3 Kg7 1/2-1/2

[Event "Oregon-ch"]
[Site "Portland"]
[Date "2017.02.12"]
[Round "3"]
[White "Grabinsky, Joshua"]
[Black "Richardson, Ryan"]
[Result "1/2-1/2"]
[WhiteElo "1702"]
[BlackElo "2062"]
[PlyCount "140"]
[EventDate "2017.02.11"]
[EventType "tourn"]
[EventRounds "9"]
[EventCountry "USA"]
[SourceTitle "EXT 2024"]
[Source "ChessBase"]
[SourceDate "2023.10.10"]
[SourceVersion "1"]
[SourceVersionDate "2023.10.10"]
[SourceQuality "1"]

1. e4 c5 2. Nf3 d6 3. d4 cxd4 4. Nxd4 Nf6 5. Nc3 a6 6. h3 e6 7. g4 d5 8. exd5 Nxd5 9. Nde2 Bb4 10. Bd2 Nc6 11. Bg2 Nxc3 12. Bxc3 Bxc3+ 13. Nxc3 0-0 14. Qxd8 Rxd8 15. Bxc6 bxc6 16. Ke2 a5 17. Rhd1 Ba6+ 18. Ke3 Kf8 19. Na4 Ke7 20. b3 Bb5 21. Nb2 Ba6 22. c4 e5 23. Nd3 f6 24. Nc5 Rxd1 25. Rxd1 Bc8 26. f4 exf4+ 27. Kxf4 Ra7 28. Re1+ Kf7 29. Ne4 Rd7 30. c5 g5+ 31. Kf3 Rd3+ 32. Kg2 Be6 33. Nd6+ Ke7 34. Re2 Kd7 35. Kh2 h5 36. Rf2 hxg4 37. hxg4 Bxg4 38. Rxf6 Be6 39. Rg6 Rd2+ 40. Kg3 Rxa2 41. Rg7+ Kd8 42. Rxg5 Bxb3 43. Nb7+ Ke7 44. Rg7+ Kf6 45. Rc7 Bd5 46. Nd8 Rc2 47. Ra7 Rxc5 48. Nb7 Rb5 49. Nxa5 c5 50. Kf4 Rb4+ 51. Ke3 Ke5 52. Ra6 Ra4 53. Nc6+ Bxc6 54. Rxc6 Ra3+ 55. Kd2 Kd4 56. Rd6+ Kc4 57. Rh6 Rg3 58. Kc2 Rg2+ 59. Kc1 Rg3 60. Kc2 Rg4 61. Rh8 Re4 62. Rh6 Re2+ 63. Kc1 Kd3 64. Rh3+ Re3 65. Rxe3+ Kxe3 66. Kc2 Kd4 67. Kd2 Ke5 68. Kc3 Kd6 69. Kc4 Kc6 70. Kc3 Kd5 1/2-1/2

[Event "Oregon-ch"]
[Site "Portland"]
[Date "2017.02.12"]
[Round "4"]
[White "Richardson, Ryan"]
[Black "Zavortink, Matt B"]
[Result "0-1"]
[WhiteElo "2062"]
[BlackElo "1979"]
[PlyCount "60"]
[EventDate "2017.02.11"]
[EventType "tourn"]
[EventRounds "9"]
[EventCountry "USA"]
[SourceTitle "EXT 2024"]
[Source "ChessBase"]
[SourceDate "2023.10.10"]
[SourceVersion "1"]
[SourceVersionDate "2023.10.10"]
[SourceQuality "1"]

1. e4 e6 2. d4 d5 3. Nd2 Be7 4. c3 c5 5. exd5 Qxd5 6. Ngf3 cxd4 7. Bc4 Qd6 8. Nxd4 Nf6 9. 0-0 a6 10. Re1 0-0 11. Qe2 b5 12. Ne4 Qc7 13. Bd3 Bb7 14. Ng5 Bd6 15. h3 Nbd7 16. Ne4 Bh2+ 17. Kh1 Bf4 18. Nxf6+ Nxf6 19. Bxf4 Qxf4 20. Kg1 Rfd8 21. a3 Rac8 22. Rad1 Rc5 23. Nxe6 fxe6 24. Qxe6+ Kh8 25. Be4 Re8 26. Qxe8+ Nxe8 27. Bxb7 Qb8 28. Bxa6 h6 29. Re6 Kh7 30. a4 Nc7 0-1

[Event "Memorial Day Classic"]
[Site "Los Angeles"]
[Date "2008.05.24"]
[Round "1"]
[White "Richardson, Ryan"]
[Black "Peters, Jack"]
[Result "0-1"]
[WhiteElo "2088"]
[BlackElo "2416"]
[PlyCount "158"]
[EventDate "2008.05.24"]
[EventType "swiss"]
[EventRounds "6"]
[EventCountry "USA"]
[SourceTitle "EXT 2014"]
[Source "ChessBase"]
[SourceDate "2013.11.20"]
[SourceVersion "1"]
[SourceVersionDate "2013.11.20"]
[SourceQuality "1"]

1. e4 c5 2. Nf3 Nc6 3. d4 cxd4 4. Nxd4 Qb6 5. Nb3 Nf6 6. Nc3 e6 7. Be3 Qc7 8. a3 a6 9. f4 d6 10. Be2 b5 11. 0-0 Be7 12. Nd4 Bb7 13. f5 Nxd4 14. Qxd4 0-0 15. g4 e5 16. Qd3 d5 17. Nxd5 Nxd5 18. exd5 e4 19. Qxe4 Rfe8 20. Qd3 Bd6 21. Rf2 Re5 22. Bf4 Rxd5 23. Bxd6 Rxd6 24. Qg3 Re8 25. Bf1 h6 26. Bg2 Bxg2 27. Qxg2 Rd4 28. Raf1 Ree4 29. h3 Qe5 30. Qh2 Qf6 31. Re2 Qh4 32. Rxe4 Rxe4 33. Qg2 Re3 34. Rf3 Qe1+ 35. Rf1 Qh4 36. Rf3 Qe7 37. Rxe3 Qxe3+ 38. Kh2 Qe5+ 39. Kh1 Qxb2 40. Qa8+ Kh7 41. Qxa6 Qc1+ 42. Kg2 Qxc2+ 43. Kg3 Qd3+ 44. Kh2 h5 45. Qa7 h4 46. Qf2 Qxa3 47. Qxh4+ Kg8 48. Qd8+ Qf8 49. Qb6 Qe8 50. Kg2 Qe4+ 51. Kf2 Qf4+ 52. Ke2 Qc4+ 53. Kd2 Kh7 54. Qd8 Qa2+ 55. Ke3 Qa3+ 56. Qd3 b4 57. Kd4 b3 58. Kc4 Qa4+ 59. Kc3 Qa2 60. Qg3 f6 61. g5 Qc2+ 62. Kb4 Qxf5 63. gxf6 gxf6 64. Qxb3 Qf4+ 65. Ka3 Kh6 66. Qg8 Kh5 67. Qh8+ Kg5 68. Kb3 Qh4 69. Qg7+ Kf4 70. Kc2 Qg5 71. Qc7+ Kf3 72. Qc3+ Kg2 73. Kd1 f5 74. Ke2 Qe7+ 75. Qe3 Qxe3+ 76. Kxe3 Kg3 77. h4 f4+ 78. Ke2 Kg2 79. h5 f3+ 0-1

[Event "Memorial Day Classic"]
[Site "Los Angeles"]
[Date "2007.05.27"]
[Round "4"]
[White "Hermansen, Ron"]
[Black "Richardson, Ryan"]
[Result "1-0"]
[WhiteElo "2229"]
[BlackElo "2057"]
[PlyCount "95"]
[EventDate "2007.05.26"]
[EventType "swiss"]
[EventRounds "6"]
[EventCountry "USA"]
[SourceTitle "CBM 118 Extra"]
[Source "ChessBase"]
[SourceDate "2007.07.04"]
[SourceVersion "1"]
[SourceVersionDate "2007.07.04"]
[SourceQuality "1"]

1. e4 c5 2. Nf3 d6 3. d4 cxd4 4. Nxd4 Nf6 5. Nc3 a6 6. Be2 e6 7. 0-0 Be7 8. a4 0-0 9. f4 Qc7 10. Bf3 Nc6 11. Nb3 Rd8 12. Kh1 b6 13. Qe1 Nb4 14. Qf2 d5 15. e5 Nd7 16. Be3 Bb7 17. a5 bxa5 18. Rfc1 Rdc8 19. Nxa5 Nc5 20. Nxb7 Qxb7 21. f5 exf5 22. Bxc5 Bxc5 23. Qd2 Rd8 24. Na4 Qa7 25. Rd1 Rac8 26. Nxc5 Qxc5 27. c3 Nc6 28. Qf4 a5 29. Qxf5 Ne7 30. Qg4 Rb8 31. Rd2 Rb6 32. Rad1 g6 33. Qg5 Qc7 34. Bxd5 Nxd5 35. Rxd5 Rxd5 36. Rxd5 Rxb2 37. Rd8+ Kg7 38. Qf6+ Kh6 39. h4 Qxc3 40. Qf4+ Kg7 41. Rd7 Qb3 42. Qf6+ Kh6 43. Rxf7 Qd1+ 44. Kh2 Qd2 45. Qg7+ Kh5 46. Qxh7+ Qh6 47. Kh3 Rb3+ 48. g3 1-0